Modelovanie spotreby domácností s využitím pokročilých ekonometrických metód diplomová práca

Enregistré dans:
Détails bibliographiques
Auteur principal: Miháliková, Katarína
Collectivité auteur: Fakulta hospodárskej informatiky EU. Katedra operačného výskumu a ekonometrie
Autres auteurs: Chocholatá, Michaela, 1977-
Format: Livre
Langue:slovaque
Publié: Bratislava 2016
Tags: Ajouter un tag
Pas de tags, Soyez le premier à ajouter un tag!

MARC

LEADER 00000nbm a2200000 4500
001 0216837
005 20170215095019.4
041 0 |a slo 
044 |a SK 
245 1 0 |a Modelovanie spotreby domácností s využitím pokročilých ekonometrických metód  |b diplomová práca  |c Katarína Miháliková ; školiteľ: Michaela Chocholatá 
264 1 |a Bratislava  |c 2016 
300 |a 81 s. 
100 1 |a Miháliková, Katarína 
700 1 |a Chocholatá, Michaela, 1977- 
710 2 |a Fakulta hospodárskej informatiky EU. Katedra operačného výskumu a ekonometrie